Các yếu tố tác động đến giá trị thương hiệu gốm sứ Bình Dương
Gespeichert in:
| 1. Verfasser: | |
|---|---|
| Format: | Buch |
| Sprache: | Undetermined |
| Schlagworte: | |
| Online Zugang: | http://lrc.tdmu.edu.vn/opac/search/detail.asp?aID=2&ID=34962 |
| Tags: |
Tag hinzufügen
Keine Tags, Fügen Sie den ersten Tag hinzu!
|
| Thư viện lưu trữ: | Trung tâm Học liệu Trường Đại học Thủ Dầu Một |
|---|
| LEADER | 00720nam a2200145Ia 4500 | ||
|---|---|---|---|
| 001 | TDMU_34962 | ||
| 008 | 210410s9999 xx 000 0 und d | ||
| 082 | |a 623.824 | ||
| 100 | |a Huỳnh, Công Danh | ||
| 245 | 0 | |a Các yếu tố tác động đến giá trị thương hiệu gốm sứ Bình Dương | |
| 245 | 0 | |c Huỳnh Công Danh | |
| 300 | |a Tr.101-103 | ||
| 650 | |a Thủ công mỹ nghệ |x Gốm sứ |x Thương hiệu |z Bình Dương(Việt Nam); Giá trị thương hiệu; Gốm sứ Bình Dương; Lòng trung thành | ||
| 856 | |u http://lrc.tdmu.edu.vn/opac/search/detail.asp?aID=2&ID=34962 | ||
| 980 | |a Trung tâm Học liệu Trường Đại học Thủ Dầu Một | ||